书目信息 |
| 题名: |
数据结构题集(C语言)
|
|
| 作者: | 严蔚敏 编著 | |
| 分册: | ||
| 出版信息: | 北京 清华大学出版社 1999.02 |
|
| 页数: | 235页 | |
| 开本: | 16开 | |
| 丛书名: | ||
| 单 册: | ||
| 中图分类: | TP311.12-44 | |
| 科图分类: | ||
| 主题词: | 软件 | |
| 电子资源: | ||
| ISBN: | 7-302-03314-5 | |
| 000 | 00546nam0 2200181 45 | |
| 001 | 1754890307 | |
| 005 | 20170918151539.39 | |
| 010 | @a7-302-03314-5@dCNY19.00 | |
| 100 | @a20000424d1999 km y0chiy0120 ea | |
| 101 | @achi | |
| 200 | 1 | @a数据结构题集(C语言)@AShu Ju Jie Gou Ti Ji(C Yu Yan)@f严蔚敏等编著@FYan Wei Min Deng Bian Zhu |
| 210 | @a北京@c清华大学出版社@d1999.02 | |
| 215 | @a235页@d16开 | |
| 606 | 0 | @a软件 |
| 690 | @aTP311.12-44@v3 | |
| 701 | @a严蔚敏@4编著 | |
| 801 | @aCN@bPftUser@c20000424 | |
| 905 | @f3@b53559-561@dTP311.12-44@eY067 | |
| 数据结构题集(C语言)/严蔚敏等编著.-北京:清华大学出版社,1999.02 |
| 235页;16开 |
| ISBN 7-302-03314-5:CNY19.00 |
| ● |
| 相关链接 |
|
|
|
正题名:数据结构题集(C语言)
索取号:TP311.12-44/Y067
 
预约/预借
| 序号 | 登录号 | 条形码 | 馆藏地/架位号 | 状态 | 备注 |
| 1 | 0544649 | 205446490 | 自科库301/301自科库 77排1列5层/ [索取号:TP311.12-44/Y067] | 在馆 |